Lý thuyết và thực hành trên đàn Organ T.2
Kaydedildi:
| Diğer Yazarlar: | , , , |
|---|---|
| Materyal Türü: | Kitap |
| Dil: | Vietnamese |
| Baskı/Yayın Bilgisi: |
[kxd]
Ngô Ngọc
1992
|
| Konular: | |
| Etiketler: |
Etiketle
Etiket eklenmemiş, İlk siz ekleyin!
|
| Thư viện lưu trữ: | Trung tâm Học liệu Lê Vũ Hùng, Trường Đại học Đồng Tháp |
|---|
| LEADER | 00918pam a22002898a 4500 | ||
|---|---|---|---|
| 001 | 00029799 | ||
| 008 | 121121s1992 ||||||viesd | ||
| 005 | 20171026081022.0 | ||
| 041 | 0 | # | |a vie |
| 082 | 1 | 4 | |a 786.5 |b L600TH |
| 245 | 1 | 0 | |a Lý thuyết và thực hành trên đàn Organ |c Ngô Ngọc Thắng, Ngô Ngọc Thiện, Ngô Ngọc Trung, Ngô Ngọc Tùy |n T.2 |
| 260 | # | # | |a [kxd] |b Ngô Ngọc |c 1992 |
| 300 | # | # | |a 40 tr. |c 29 cm. |
| 653 | # | # | |a Lý thuyết |
| 653 | # | # | |a Thực hành |
| 653 | # | # | |a Đàn Organ |
| 653 | # | # | |a Âm nhạc |
| 700 | 1 | # | |a Ngô, Ngọc Thiện |
| 700 | 1 | # | |a Ngô, Ngọc Thắng |
| 700 | 1 | # | |a Ngô, Ngọc Trung |
| 700 | 1 | # | |a Ngô, Ngọc Tùy |
| 852 | # | # | |j KD.0014182 |
| 852 | # | # | |b Kho đọc |j KD.0014182 |
| 910 | |d 21/11/2012 | ||
| 980 | # | # | |a Trung tâm Học liệu Lê Vũ Hùng, Trường Đại học Đồng Tháp |